000 01522cam a22003257a 4500
001 14921972
005 20161222114404.0
008 070710s2009 maua |r 001 0 eng d
010 _a 2007297587
020 _a0840031165
020 _a9780840031167
035 _a(OCoLC)ocm57583037
035 _a(OCoLC)57583037
040 _aVZU
_cVZU
_dOCLCQ
_dTTU
_dBAKER
_dNNF
_dCSG
_dUMC
_dYDXCP
_dLVB
_dDLC
042 _apcc
_alccopycat
050 0 0 _aTK5105.59
_b.W54 2005
082 0 0 _a005.8
_222
_bWHI
100 1 _911919
_aWhitman, Michael E.,
_d1964-
245 1 0 _aPrinciples of Information Security /
_cMichael E. Whitman, Herbert J. Mattord.
250 _a3rd ed.
260 _aBoston, Mass. :
_bThomson Course Technology, 2009
_c2009
300 _a598 p. :
_bill. ;
_c24 cm.
500 _aIncludes index.
505 0 0 _tIntroduction to information security --
_gThe
_tneed for security --
_tLegal, ethical, and professional issues in information security --
_tRisk management --
_tPlanning for security --
_tSecurity technology: firewalls and VPNs --
_tSecurity technology: intrusion detection, access control, and other security tools --
_tCryptography --
_tPhysical security --
_tImplementing information security --
_tSecurity and personnel --
_tInformation security maintenance.
650 0 _aComputer networks
_xSecurity measures.
_911920
650 0 _aComputer security.
_911921
700 1 _aMattord, Herbert J.
_911922
942 _2ddc
_cBB
999 _c13512
_d13512